000 00876cam a2200289 4500
001 25908
003 BD-RjUL
005 20211209050938.0
008 140319s1973 enka b 001 0 eng d
020 _a0049540173
035 _a(BD-RjUL)25978
040 _aDLC
_cDLC
_dDLC
_dBD-RjUL
_beng
041 _aeng
082 0 0 _a954.035
_bBEP 1973
100 2 _aBence-Jones, Mark.
_979611
245 1 0 _aPalaces of the Raj :
_bmagnificence and misery of the Lord Sahibs /
_c Mark Bence-Jones,
260 _aLondon :
_bAllen and Unwin,
_c1973.
300 _a225 p. :
_bill. ;
_c24 cm.
350 _a£5.00
504 _aBibliography: p. 215-217. and Index
650 0 _aBritish
_zIndia
_xHistory.
_979612
650 0 _aHistoric buildings
_zIndia.
_979613
651 0 _aIndia
_xSocial life and customs.
_979614
942 _2ddc
_cBK
999 _c25908
_d25908